Marine turtles of the Indian subcontinent (Record no. 2455)
[ view plain ]
| 000 -LEADER | |
|---|---|
| fixed length control field | 00763 a2200217 4500 |
| 010 ## - LIBRARY OF CONGRESS CONTROL NUMBER | |
| LC control number | ENG-85415 |
| 020 ## - INTERNATIONAL STANDARD BOOK NUMBER | |
| International Standard Book Number | 8173715661 |
| Terms of availability | 425.00 |
| 035 ## - SYSTEM CONTROL NUMBER | |
| System control number | EN-68948 |
| 037 ## - SOURCE OF ACQUISITION | |
| Source of stock number/acquisition | D.B.Act / Pub |
| 082 14 - DEWEY DECIMAL CLASSIFICATION NUMBER | |
| Classification number | 597.92 |
| 090 ## - LOCALLY ASSIGNED LC-TYPE CALL NUMBER (OCLC); LOCAL CALL NUMBER (OCLC) | |
| -- | 2496 |
| -- | 2496 |
| 245 1# - TITLE STATEMENT | |
| Title | Marine turtles of the Indian subcontinent |
| Statement of responsibility, etc | edited by Kartik shankar and B. C. Choudhury |
| 260 ## - PUBLICATION, DISTRIBUTION, ETC. (IMPRINT) | |
| Place of publication, distribution, etc | Hyderabad |
| Name of publisher, distributor, etc | Univerisities Press |
| Date of publication, distribution, etc | 2006 |
| 270 ## - ADDRESS | |
| Address | 3-5-829, Hyderguda |
| City | Hyderabad |
| Postal code | 500 029 |
| Telephone number | 011-27341717 |
| Fax number | 011-27341616 |
| Electronic mail address | mreddy@universitiespress.com |
| 300 ## - PHYSICAL DESCRIPTION | |
| Extent | 415 p. |
| Dimensions | 24 cm (Pbk.) |
| 500 ## - GENERAL NOTE | |
| General note | Includes index |
| 710 1# - ADDED ENTRY--CORPORATE NAME | |
| Corporate name or jurisdiction name as entry element | Shankar, kartik |
| 710 1# - ADDED ENTRY--CORPORATE NAME | |
| Corporate name or jurisdiction name as entry element | Choudhury, B. C. |
| 942 ## - ADDED ENTRY ELEMENTS (KOHA) | |
| Institution code [OBSOLETE] | dpl |
| Koha item type | English Books |
| Call number prefix | 597.92 / MAR |
| Withdrawn status | Lost status | Source of classification or shelving scheme | Damaged status | Not for loan | Collection code | Home library | Current library | Source of acquisition | Cost, normal purchase price | Total Checkouts | Full call number | Barcode | Date last seen | Copy number | Uniform Resource Identifier | Cost, replacement price | Price effective from | Koha item type |
|---|---|---|---|---|---|---|---|---|---|---|---|---|---|---|---|---|---|---|
| Dewey Decimal Classification | Not For Loan | Non-fiction | D.B.Act.Division | D.B.Act.Division | DBAD/PUB | 425.00 | 597.92 MAR | EN-68948 | 15/09/2008 | 1 | 2589 | 425.00 | 15/09/2008 | English Books |
